South American Flags - Sudden Death - Statistics

General Stats
  • This quiz has been taken 967 times
  • The average score is 9 of 12
Answers on the Grid
Answers color-coded by a green-red scale on the quiz's grid according to % correct below.

Seychellen

Flag of Argentina.svg

Bolivien

Brasilien

Brunei

Elfenbeinküste

Flag of Chile.svg

Flag of Colombia.svg

Dominica

Ecuador

Eswatini

Flag of Germany.svg

Guyana

Jamaika

Kuwait

Flag of Panama.svg

Paraguay

Peru

Suriname

Bahamas

Republik China

Flag of Trinidad and Tobago.svg

Uruguay

Vanuatu

Venezuela

Dschibuti

 
Answer Stats
Answer % Correct

Brasilien

97%

Flag of Argentina.svg

96%

Flag of Chile.svg

85%

Flag of Colombia.svg

84%

Ecuador

78%

Uruguay

69%

Venezuela

68%

Bolivien

64%

Paraguay

62%

Peru

61%

Guyana

57%

Suriname

52%
No matching quizzes found
Score Distribution
Percent of People with Each Score
Percentile by Number Answered
Your Score History
You have not taken this quiz